<?xml version="1.0" encoding="UTF-8"?><marc:collection xmlns:marc="http://www.loc.gov/MARC21/slim">
  <marc:record>
    <marc:leader>03719nas a2200649 c 4500</marc:leader>
    <marc:controlfield tag="001">010006079</marc:controlfield>
    <marc:controlfield tag="003">DE-101</marc:controlfield>
    <marc:controlfield tag="005">20250827170746.0</marc:controlfield>
    <marc:controlfield tag="007">tu</marc:controlfield>
    <marc:controlfield tag="008">991118d19341990gw u||p|  ||| 0||||1ger c</marc:controlfield>
    <marc:datafield tag="015" ind1=" " ind2=" ">
      <marc:subfield code="a">76,A29,0054</marc:subfield>
      <marc:subfield code="2">dnb</marc:subfield>
    </marc:datafield>
    <marc:datafield tag="016" ind1="7" ind2=" ">
      <marc:subfield code="2">DE-600</marc:subfield>
      <marc:subfield code="a">704-3</marc:subfield>
    </marc:datafield>
    <marc:datafield tag="016" ind1="7" ind2=" ">
      <marc:subfield code="2">DE-101</marc:subfield>
      <marc:subfield code="a">010006079</marc:subfield>
    </marc:datafield>
    <marc:datafield tag="035" ind1=" " ind2=" ">
      <marc:subfield code="a">(DE-599)ZDB704-3</marc:subfield>
    </marc:datafield>
    <marc:datafield tag="035" ind1=" " ind2=" ">
      <marc:subfield code="a">(OCoLC)1367270013</marc:subfield>
    </marc:datafield>
    <marc:datafield tag="040" ind1=" " ind2=" ">
      <marc:subfield code="a">9001</marc:subfield>
      <marc:subfield code="b">ger</marc:subfield>
      <marc:subfield code="c">DE-101</marc:subfield>
      <marc:subfield code="d">9999</marc:subfield>
    </marc:datafield>
    <marc:datafield tag="041" ind1=" " ind2=" ">
      <marc:subfield code="a">ger</marc:subfield>
    </marc:datafield>
    <marc:datafield tag="042" ind1=" " ind2=" ">
      <marc:subfield code="a">zdb</marc:subfield>
    </marc:datafield>
    <marc:datafield tag="044" ind1=" " ind2=" ">
      <marc:subfield code="c">XA-DE</marc:subfield>
    </marc:datafield>
    <marc:datafield tag="082" ind1="7" ind2="4">
      <marc:subfield code="a">050</marc:subfield>
      <marc:subfield code="q">DE-101</marc:subfield>
      <marc:subfield code="2">22sdnb</marc:subfield>
    </marc:datafield>
    <marc:datafield tag="083" ind1="7" ind2=" ">
      <marc:subfield code="a">330</marc:subfield>
      <marc:subfield code="a">360</marc:subfield>
      <marc:subfield code="a">340</marc:subfield>
      <marc:subfield code="q">DE-600</marc:subfield>
      <marc:subfield code="2">22sdnb</marc:subfield>
    </marc:datafield>
    <marc:datafield tag="084" ind1=" " ind2=" ">
      <marc:subfield code="a">PM 1000</marc:subfield>
      <marc:subfield code="2">rvk</marc:subfield>
    </marc:datafield>
    <marc:datafield tag="245" ind1="0" ind2="0">
      <marc:subfield code="a">Deutscher Beamten-Kalender</marc:subfield>
      <marc:subfield code="c">hrsg. vom Deutschen Beamtenbund</marc:subfield>
    </marc:datafield>
    <marc:datafield tag="246" ind1="1" ind2=" ">
      <marc:subfield code="i">Nebent.:</marc:subfield>
      <marc:subfield code="a">Taschenkalender für die deutsche Beamtenschaft</marc:subfield>
    </marc:datafield>
    <marc:datafield tag="264" ind1="3" ind2="1">
      <marc:subfield code="a">Bonn-Bad Godesberg</marc:subfield>
      <marc:subfield code="b">Verl.-Anst. d. Deutschen Beamtenbundes</marc:subfield>
      <marc:subfield code="c">1934-1990</marc:subfield>
    </marc:datafield>
    <marc:datafield tag="264" ind1="3" ind2="1">
      <marc:subfield code="a">München</marc:subfield>
      <marc:subfield code="a">Berlin</marc:subfield>
      <marc:subfield code="b">Kommunalschriften-Verl. Jehle</marc:subfield>
      <marc:subfield code="c">1934-1990</marc:subfield>
    </marc:datafield>
    <marc:datafield tag="264" ind1="2" ind2="1">
      <marc:subfield code="3">anfangs</marc:subfield>
      <marc:subfield code="a">Berlin</marc:subfield>
      <marc:subfield code="b">Beamtenpresse</marc:subfield>
    </marc:datafield>
    <marc:datafield tag="264" ind1="2" ind2="1">
      <marc:subfield code="3">1954</marc:subfield>
      <marc:subfield code="a">Duderstadt</marc:subfield>
      <marc:subfield code="b">Dt. Beamten-Verl.</marc:subfield>
    </marc:datafield>
    <marc:datafield tag="264" ind1="2" ind2="1">
      <marc:subfield code="3">1955</marc:subfield>
      <marc:subfield code="a">Hennef, Sieg</marc:subfield>
      <marc:subfield code="b">Dt. Beamten-Verl.</marc:subfield>
    </marc:datafield>
    <marc:datafield tag="336" ind1=" " ind2=" ">
      <marc:subfield code="a">Text</marc:subfield>
      <marc:subfield code="b">txt</marc:subfield>
      <marc:subfield code="2">rdacontent</marc:subfield>
    </marc:datafield>
    <marc:datafield tag="337" ind1=" " ind2=" ">
      <marc:subfield code="a">ohne Hilfsmittel zu benutzen</marc:subfield>
      <marc:subfield code="b">n</marc:subfield>
      <marc:subfield code="2">rdamedia</marc:subfield>
    </marc:datafield>
    <marc:datafield tag="338" ind1=" " ind2=" ">
      <marc:subfield code="a">Band</marc:subfield>
      <marc:subfield code="b">nc</marc:subfield>
      <marc:subfield code="2">rdacarrier</marc:subfield>
    </marc:datafield>
    <marc:datafield tag="362" ind1="0" ind2=" ">
      <marc:subfield code="a">1935(1934) - 1952; 1954 - 1990</marc:subfield>
    </marc:datafield>
    <marc:datafield tag="363" ind1="0" ind2="0">
      <marc:subfield code="8">1.1\x</marc:subfield>
      <marc:subfield code="i">1935</marc:subfield>
    </marc:datafield>
    <marc:datafield tag="363" ind1="1" ind2="0">
      <marc:subfield code="8">1.2\x</marc:subfield>
      <marc:subfield code="i">1952</marc:subfield>
    </marc:datafield>
    <marc:datafield tag="363" ind1="0" ind2="0">
      <marc:subfield code="8">2.1\x</marc:subfield>
      <marc:subfield code="i">1954</marc:subfield>
    </marc:datafield>
    <marc:datafield tag="363" ind1="1" ind2="0">
      <marc:subfield code="8">2.2\x</marc:subfield>
      <marc:subfield code="i">1990</marc:subfield>
    </marc:datafield>
    <marc:datafield tag="550" ind1=" " ind2=" ">
      <marc:subfield code="a">Urh. früher: Reichsbund der Deutschen Beamten</marc:subfield>
    </marc:datafield>
    <marc:datafield tag="583" ind1="1" ind2=" ">
      <marc:subfield code="a">Archivierung/Langzeitarchivierung gewährleistet</marc:subfield>
      <marc:subfield code="c">2020</marc:subfield>
      <marc:subfield code="f">PENW</marc:subfield>
      <marc:subfield code="5">DE-5</marc:subfield>
      <marc:subfield code="2">pdager</marc:subfield>
    </marc:datafield>
    <marc:datafield tag="591" ind1=" " ind2=" ">
      <marc:subfield code="a">C</marc:subfield>
    </marc:datafield>
    <marc:datafield tag="655" ind1=" " ind2="7">
      <marc:subfield code="0">(DE-588)4067488-5</marc:subfield>
      <marc:subfield code="0">https://d-nb.info/gnd/4067488-5</marc:subfield>
      <marc:subfield code="0">(DE-101)040674886</marc:subfield>
      <marc:subfield code="a">Zeitschrift</marc:subfield>
      <marc:subfield code="2">gnd-content</marc:subfield>
    </marc:datafield>
    <marc:datafield tag="710" ind1="2" ind2=" ">
      <marc:subfield code="0">(DE-588)2008175-3</marc:subfield>
      <marc:subfield code="0">https://d-nb.info/gnd/2008175-3</marc:subfield>
      <marc:subfield code="0">(DE-101)00467975X</marc:subfield>
      <marc:subfield code="a">Deutscher Beamtenbund</marc:subfield>
      <marc:subfield code="e">Herausgebendes Organ</marc:subfield>
      <marc:subfield code="4">isb</marc:subfield>
      <marc:subfield code="2">gnd</marc:subfield>
    </marc:datafield>
    <marc:datafield tag="770" ind1="0" ind2="8">
      <marc:subfield code="i">Supplement</marc:subfield>
      <marc:subfield code="t">Bayerisches Beamtenrecht</marc:subfield>
      <marc:subfield code="d">Hennef, Sieg : Dt. Beamten-Verl., 1955-1956</marc:subfield>
      <marc:subfield code="w">(DE-600)1085599-3</marc:subfield>
      <marc:subfield code="w">(DE-101)016163486</marc:subfield>
    </marc:datafield>
    <marc:datafield tag="770" ind1="0" ind2="8">
      <marc:subfield code="i">Supplement</marc:subfield>
      <marc:subfield code="t">Beamtenrecht in Niedersachsen</marc:subfield>
      <marc:subfield code="d">München : Kommunalschriften-Verl. Jehle, 1960-1966</marc:subfield>
      <marc:subfield code="w">(DE-600)1085592-0</marc:subfield>
      <marc:subfield code="w">(DE-101)016163419</marc:subfield>
    </marc:datafield>
    <marc:datafield tag="770" ind1="0" ind2="8">
      <marc:subfield code="i">Supplement</marc:subfield>
      <marc:subfield code="t">Hessisches Beamtenrecht</marc:subfield>
      <marc:subfield code="d">Hennef, Sieg : Dt. Beamten-Verl., [1954?-1955?]</marc:subfield>
      <marc:subfield code="w">(DE-600)1085600-6</marc:subfield>
      <marc:subfield code="w">(DE-101)016163494</marc:subfield>
    </marc:datafield>
    <marc:datafield tag="770" ind1="0" ind2="8">
      <marc:subfield code="i">Supplement</marc:subfield>
      <marc:subfield code="t">Niedersächsisches Beamtenrecht</marc:subfield>
      <marc:subfield code="d">Hennef, Sieg : Dt. Beamten-Verl., 1955-1958</marc:subfield>
      <marc:subfield code="w">(DE-600)1085593-2</marc:subfield>
      <marc:subfield code="w">(DE-101)016163427</marc:subfield>
    </marc:datafield>
    <marc:datafield tag="770" ind1="0" ind2="8">
      <marc:subfield code="i">Supplement</marc:subfield>
      <marc:subfield code="t">Nordrhein-westfälisches Beamtenrecht</marc:subfield>
      <marc:subfield code="d">Hennef, Sieg : Dt. Beamten-Verl., 1954-1958</marc:subfield>
      <marc:subfield code="w">(DE-600)1085597-X</marc:subfield>
      <marc:subfield code="w">(DE-101)01616346X</marc:subfield>
    </marc:datafield>
    <marc:datafield tag="770" ind1="0" ind2="8">
      <marc:subfield code="i">Supplement</marc:subfield>
      <marc:subfield code="t">Rheinland-pfälzisches Beamtenrecht</marc:subfield>
      <marc:subfield code="d">Hennef, Sieg : Dt. Beamten-Verl., 1954-1954</marc:subfield>
      <marc:subfield code="w">(DE-600)1085595-6</marc:subfield>
      <marc:subfield code="w">(DE-101)016163443</marc:subfield>
    </marc:datafield>
    <marc:datafield tag="770" ind1="0" ind2="8">
      <marc:subfield code="i">Supplement</marc:subfield>
      <marc:subfield code="t">Schleswig-holsteinisches Beamtenrecht</marc:subfield>
      <marc:subfield code="d">Hennef, Sieg : Dt. Beamten-Verl., 1955-1955</marc:subfield>
      <marc:subfield code="w">(DE-600)1085598-1</marc:subfield>
      <marc:subfield code="w">(DE-101)016163478</marc:subfield>
    </marc:datafield>
    <marc:datafield tag="770" ind1="0" ind2="8">
      <marc:subfield code="i">Supplement</marc:subfield>
      <marc:subfield code="t">Beamtenrecht im Lande Rheinland-Pfalz</marc:subfield>
      <marc:subfield code="d">Hennef, Sieg : Dt. Beamten-Verl., 1955-1958</marc:subfield>
      <marc:subfield code="w">(DE-600)1404942-9</marc:subfield>
      <marc:subfield code="w">(DE-101)018997880</marc:subfield>
    </marc:datafield>
    <marc:datafield tag="770" ind1="0" ind2="8">
      <marc:subfield code="i">Supplement</marc:subfield>
      <marc:subfield code="t">Beamtenrecht für Rheinland-Pfalz</marc:subfield>
      <marc:subfield code="d">Bad Godesberg : Dt. Beamtenverl., 1959-1967</marc:subfield>
      <marc:subfield code="w">(DE-600)1404944-2</marc:subfield>
      <marc:subfield code="w">(DE-101)018997902</marc:subfield>
    </marc:datafield>
    <marc:datafield tag="770" ind1="0" ind2="8">
      <marc:subfield code="i">Supplement</marc:subfield>
      <marc:subfield code="t">Badisch-Württembergisches Beamtenrecht</marc:subfield>
      <marc:subfield code="d">Köln : Verl.-Anst. d. Dt. Beamtenbundes, 1954-1958</marc:subfield>
      <marc:subfield code="w">(DE-600)380695-9</marc:subfield>
      <marc:subfield code="w">(DE-101)012110825</marc:subfield>
    </marc:datafield>
    <marc:datafield tag="770" ind1="0" ind2="8">
      <marc:subfield code="i">Supplement</marc:subfield>
      <marc:subfield code="t">Beamtenrecht für Baden-Württemberg</marc:subfield>
      <marc:subfield code="d">München ; Berlin : Jehle, 1959-1963</marc:subfield>
      <marc:subfield code="w">(DE-600)380696-0</marc:subfield>
      <marc:subfield code="w">(DE-101)012110833</marc:subfield>
    </marc:datafield>
    <marc:datafield tag="785" ind1="0" ind2="8">
      <marc:subfield code="i">1953</marc:subfield>
      <marc:subfield code="t">Taschenkalender ... für die deutsche Beamtenschaft</marc:subfield>
      <marc:subfield code="d">Berlin ; Duderstadt ; Bensheim : Deutscher Beamten-Verl., 1953-1953</marc:subfield>
      <marc:subfield code="w">(DE-600)5172-X</marc:subfield>
      <marc:subfield code="w">(DE-101)010075194</marc:subfield>
    </marc:datafield>
    <marc:datafield tag="785" ind1="0" ind2="0">
      <marc:subfield code="i">Forts.:</marc:subfield>
      <marc:subfield code="t">Handbuch für den öffentlichen Dienst in Deutschland</marc:subfield>
      <marc:subfield code="d">Berlin : DBB-Verl., 1991-2024</marc:subfield>
      <marc:subfield code="w">(DE-600)1074320-0</marc:subfield>
      <marc:subfield code="w">(DE-101)016054059</marc:subfield>
    </marc:datafield>
    <marc:datafield tag="850" ind1=" " ind2=" ">
      <marc:subfield code="a">DE-101a</marc:subfield>
      <marc:subfield code="a">DE-101b</marc:subfield>
    </marc:datafield>
    <marc:datafield tag="889" ind1=" " ind2=" ">
      <marc:subfield code="w">(DE-101)550133747</marc:subfield>
    </marc:datafield>
  </marc:record>
</marc:collection>
